What grandmas do best ; (Record no. 6593)

MARC details
000 -LEADER
fixed length control field 01362cam a2200385 a 4500
001 - CONTROL NUMBER
control field 6593
003 - CONTROL NUMBER IDENTIFIER
control field FISKH
005 - DATE AND TIME OF LATEST TRANSACTION
control field 20250513092404.0
008 - FIXED-LENGTH DATA ELEMENTS--GENERAL INFORMATION
fixed length control field 990302s2000 nyua b 000 1 eng
010 ## - LIBRARY OF CONGRESS CONTROL NUMBER
LC control number 99022575
020 ## - INTERNATIONAL STANDARD BOOK NUMBER
International Standard Book Number 0689805527
040 ## - CATALOGING SOURCE
Original cataloging agency DLC
Transcribing agency DLC
Modifying agency DLC
Language of cataloging eng
050 ## - LIBRARY OF CONGRESS CALL NUMBER
Classification number PZ7.N964 W
082 ## - DEWEY DECIMAL CLASSIFICATION NUMBER
Classification number 800
100 1# - MAIN ENTRY--PERSONAL NAME
Personal name Numeroff, Laura Joffe.
245 10 - TITLE STATEMENT
Title What grandmas do best ;
Remainder of title What grandpas do best /
Statement of responsibility, etc. by Laura Numeroff ; illustrated by Lynn Munsinger.
250 ## - EDITION STATEMENT
Edition statement First Scholastic paper printing, March 2002
260 ## - PUBLICATION, DISTRIBUTION, ETC.
Place of publication, distribution, etc. New York :
Name of publisher, distributor, etc. Scholastic,
Date of publication, distribution, etc. 2000.
300 ## - PHYSICAL DESCRIPTION
Extent 40 unnnumbered pages :
Other physical details color illustrations ;
Dimensions 26 cm
500 ## - GENERAL NOTE
General note An upside-down book.
500 ## - GENERAL NOTE
General note Two stories bound back to back and inverted.
505 ## - FORMATTED CONTENTS NOTE
Formatted contents note E
520 ## - SUMMARY, ETC.
Summary, etc. One side of this upside-down book celebrates all of the things grandmas do for their grandchildren. Turning the book over and around produces a similar celebration of grandpas.
521 8# - TARGET AUDIENCE NOTE
Target audience note 260<br/>
Source Lexile<br/>
521 8# - TARGET AUDIENCE NOTE
Target audience note E<br/>
Source Raz-Plus<br/>
650 #0 - SUBJECT ADDED ENTRY--TOPICAL TERM
Topical term or geographic name entry element Upside-down books
Form subdivision Specimens.
650 #1 - SUBJECT ADDED ENTRY--TOPICAL TERM
Topical term or geographic name entry element Grandmothers
Form subdivision Fiction.
650 #1 - SUBJECT ADDED ENTRY--TOPICAL TERM
Topical term or geographic name entry element Grandfathers
Form subdivision Fiction.
650 #1 - SUBJECT ADDED ENTRY--TOPICAL TERM
Topical term or geographic name entry element Animals
Form subdivision Fiction.
650 #1 - SUBJECT ADDED ENTRY--TOPICAL TERM
Topical term or geographic name entry element Upside-down books.
700 1# - ADDED ENTRY--PERSONAL NAME
Personal name Munsinger, Lynn,
Relator term illustrator
906 ## - LOCAL DATA ELEMENT F, LDF (RLIN)
a 7
b cbc
c orignew
d 1
e ocip
f 19
g y-gencatlg
942 ## - ADDED ENTRY ELEMENTS (KOHA)
Source of classification or shelving scheme Dewey Decimal Classification
Koha item type Books
Suppress in OPAC No
Holdings
Withdrawn status Lost status Source of classification or shelving scheme Damaged status Not for loan Collection Home library Current library Shelving location Date acquired Total Checkouts Full call number Barcode Date last seen Copy number Price effective from Koha item type
    Dewey Decimal Classification     Juvenile Fiction Footprints International School Library Network Toul Kork Campus Footprints International School Library Network Toul Kork Campus TK Primary Library Room(4th Floor), Bookcase 7, Shelves 57-60, Dark Green Books 05/13/2025   NUM 800 PZ7.N964 W FISBK05686 05/13/2025 1 05/13/2025 Books